| 000 | 00714nam a22002292 4500 | ||
|---|---|---|---|
| 001 | 0000024901 | ||
| 005 | 20151217152306.0 | ||
| 008 | 140325s xx 000 0 eng d | ||
| 020 | _a1841137322 : | ||
| 040 |
_aKABU _cKABU |
||
| 245 | 1 | 0 |
_aDeath rites and rights / _cedited by Belinda Brooks-Gordon ... [et al.]. |
| 250 | _a1st ed. | ||
| 260 |
_aOxford : _bHart, _c2007. |
||
| 300 | _axiii, 308 p. | ||
| 650 | 0 |
_aDead bodies (Law) _@0000185166 |
|
| 650 | 0 |
_aDeath _xPublic opinion. _@0000185167 |
|
| 650 | 0 |
_aDeath _xReligious aspects. _@0000185168 |
|
| 700 | 1 |
_aBrooks-Gordon, Belinda. _@0000185169 |
|
| 852 | 1 | _9p6090 KES | |
| 908 | _a140325 | ||
| 950 | _@1 | ||
| 999 |
_c10412 _d10412 |
||